L'Evolució de la física /
Descripción Física:
236 p. ; 19 cm
Colección:
Clàssics del pensament modern ; 12
Otros Autores:
Infeld, Leopold
,
Padellans, Humbert, tr
,
Jou i Mirabent, David, 1953-
,
Lloret i Orriols, Antoni
Materias:
Física
MARC
| LEADER | 00000nam a2200000Ia 4500 | ||
|---|---|---|---|
| 001 | 1233 | ||
| 003 | Arxiu | ||
| 005 | 20260324175222.0 | ||
| 008 | 160829s1984 xx 000 0 cat d | ||
| 040 | |a AGDB | ||
| 080 | |a C-1-375 | ||
| 100 | 1 | |a Einstein, Albert |9 21192 | |
| 245 | 1 | 2 | |a L'Evolució de la física / |c Albert Einstein, Leopold Infeld ; traducció d'Humbert Padellans ; edició a cura de David Jou ; pròleg d'Antoni Lloret i Orriols |
| 260 | |a Barcelona : |b Edicions 62 : |b Diputació de Barcelona, |c 1984 | ||
| 300 | |a 236 p. ; |c 19 cm | ||
| 490 | |a Clàssics del pensament modern ; 12 | ||
| 650 | |a Física |9 29805 | ||
| 700 | |a Infeld, Leopold |9 21193 |e autor | ||
| 700 | |a Padellans, Humbert, tr. |9 21194 |e traductor | ||
| 700 | 1 | |a Jou i Mirabent, David, |d 1953- |e editor literari |9 27826 | |
| 700 | 1 | |a Lloret i Orriols, Antoni |e autor del pròleg |9 21196 | |
| 710 | 1 | |a Barcelona (Catalunya : Província). |b Diputació |9 52408 | |
| 901 | |a Arxiu | ||
| 942 | |n 1 |2 udc |c ARXIU | ||
| 952 | |0 0 |1 0 |4 0 |6 C1375 |7 1 |9 41822 |a Arxiu |b Arxiu |d 2016-12-01 |l 0 |o C-1-375 |p 1233 |r 2016-12-01 00:00:00 |w 2016-12-01 |y ARXIU | ||
| 999 | |c 43746 |d 43746 | ||